Ekonomické porovnanie elektromobilov a automobilov bakalárska práca

Na minha lista:
Detalhes bibliográficos
Autor principal: Kúdela, Ronald
Autor Corporativo: Obchodná fakulta EU. Katedra marketingu
Outros Autores: Belička, Peter
Formato: Livro
Idioma:eslovaco
Publicado em: Bratislava 2018
Tags: Adicionar Tag
Sem tags, seja o primeiro a adicionar uma tag!

MARC

LEADER 00000nbm a2200000 4500
001 0245028
005 20180815093053.2
041 0 |a slo 
044 |a SK 
245 1 0 |a Ekonomické porovnanie elektromobilov a automobilov  |b bakalárska práca  |c Ronald Kúdela ; školiteľ: Peter Belička 
264 1 |a Bratislava  |c 2018 
300 |a 43 s. 
100 1 |a Kúdela, Ronald 
700 1 |a Belička, Peter 
710 2 |a Obchodná fakulta EU. Katedra marketingu